000 00173nam a22000857a 4500
082 _a823
100 _aJEFF KINNEY
245 _aDIARY OF A WIMPY KID THE THIRD WHEEL
942 _cBK
999 _c8407
_d8407